00235pam a2200121 a 4500020000500000041000500005100002300010245002400033260000900057300000800066653001500074700002400089 c h aGeorge W. Snedecor aStatistical Methods c1994 a503 aStatistics aWilliam G. Cocharan